Science workbook : (Record no. 105946)
[ view plain ]
| 000 -LEADER | |
|---|---|
| fixed length control field | 00440nam a2200157 a 4500 |
| 005 - DATE AND TIME OF LATEST TRANSACTION | |
| control field | 20140412111419.0 |
| 008 - FIXED-LENGTH DATA ELEMENTS--GENERAL INFORMATION | |
| fixed length control field | 070906s19uu xx 00 eng d |
| 020 ## - INTERNATIONAL STANDARD BOOK NUMBER | |
| International Standard Book Number | 983-187-097-2 |
| 050 ## - LIBRARY OF CONGRESS CALL NUMBER | |
| Classification number | TR(GS 372.35 |
| Item number | N19 2007 |
| 100 ## - MAIN ENTRY--PERSONAL NAME | |
| Personal name | Natarajan, Cindy |
| 245 ## - TITLE STATEMENT | |
| Title | Science workbook : |
| Remainder of title | for pre primary / |
| Statement of responsibility, etc | Cindy Natarajan. |
| 260 ## - PUBLICATION, DISTRIBUTION, ETC. (IMPRINT) | |
| Place of publication, distribution, etc | Malaysia : |
| Name of publisher, distributor, etc | Rhythm Publishing, |
| Date of publication, distribution, etc | 2007. |
| 300 ## - PHYSICAL DESCRIPTION | |
| Extent | 176 |
| 440 ## - SERIES STATEMENT/ADDED ENTRY--TITLE | |
| Title | Tomato series |
| Withdrawn status | Lost status | Damaged status | Home library | Current library | Shelving location | Date acquired | Source of acquisition | Cost, normal purchase price | Total Checkouts | Full call number | Barcode | Date last seen | Price effective from | Koha item type |
|---|---|---|---|---|---|---|---|---|---|---|---|---|---|---|
| Elizalde Library | Elizalde Library | Teachers Reference Section | 09/06/2007 | 75.00 | TR(GS 372.35 N19 2007 | E11008 | 04/12/2014 | 04/12/2014 | Books |